[Event "Dvorkovich Memorial op 8th"]
[Site "Taganrog"]
[Date "2013.07.24"]
[Round "3"]
[White "Serdyuk, G."]
[Black "Dmitrenko, Viktor"]
[Result "0-1"]
[WhiteElo "2000"]
[BlackElo "2374"]
[PlyCount "100"]
[EventDate "2013.07.22"]
[EventType "swiss"]
[EventRounds "9"]
[EventCountry "RUS"]
[SourceTitle "CBM 155 Extra"]
[Source "ChessBase"]
[SourceDate "2013.08.26"]
[SourceVersion "1"]
[SourceVersionDate "2013.08.26"]
[SourceQuality "1"]

1. d4 d5 2. c4 c6 3. e3 Nf6 4. Nf3 a6 5. Nc3 e6 6. Bd3 dxc4 7. Bxc4 b5 8. Bd3 Bb7 9. 0-0 Nbd7 10. Qe2 c5 11. b3 cxd4 12. exd4 Be7 13. Bb2 0-0 14. Rad1 Rc8 15. Ng5 h6 16. Nge4 Nd5 17. Nxd5 Bxd5 18. Bb1 Nf6 19. f3 Qb6 20. Qd3 Rfd8 21. Kh1 b4 22. Rc1 Kf8 23. Rxc8 Rxc8 24. Rc1 Rd8 25. Qc2 Qb5 26. Qd3 Qb7 27. Qe2 a5 28. Bd3 Qb8 29. g3 Qa8 30. Kg2 a4 31. bxa4 Qxa4 32. Bc4 Bxc4 33. Qxc4 Nd5 34. Kf2 Ra8 35. Ra1 Kg8 36. Ke2 Nb6 37. Qb3 Qa6+ 38. Qd3 Nc4 39. Bc1 Qc6 40. Nd2 Nxd2 41. Bxd2 Ra3 42. Rc1 Qa8 43. Qc4 Qxf3+ 44. Ke1 Qh1+ 45. Qf1 Qxf1+ 46. Kxf1 Rxa2 47. Rc8+ Kh7 48. Ke1 b3 49. Rb8 b2 50. Ke2 Bg5 0-1

[Event "Taganrog-ch"]
[Site "Taganrog"]
[Date "2010.11.20"]
[Round "2"]
[White "Kovalchuk, Alexey"]
[Black "Serdyuk, G."]
[Result "1-0"]
[WhiteElo "2068"]
[BlackElo "2107"]
[PlyCount "75"]
[EventDate "2010.11.18"]
[EventType "tourn"]
[EventRounds "13"]
[EventCountry "RUS"]
[SourceTitle "EXT 2014"]
[Source "ChessBase"]
[SourceDate "2013.11.20"]
[SourceVersion "1"]
[SourceVersionDate "2013.11.20"]
[SourceQuality "1"]

1. Nf3 d5 2. d4 Nf6 3. c4 e6 4. Nc3 Be7 5. Bg5 c6 6. e3 0-0 7. Qc2 h6 8. Bh4 Nbd7 9. Rd1 dxc4 10. Bxc4 b5 11. Bd3 Bb7 12. 0-0 a5 13. h3 Nh5 14. Bxe7 Qxe7 15. Ne4 Nhf6 16. Nfd2 Nxe4 17. Bxe4 Nb6 18. Nb3 Na4 19. Rc1 Rfc8 20. Rfd1 Kf8 21. Bf3 g6 22. Rd2 Kg7 23. Qd1 f5 24. Rdc2 Qd6 25. Qe1 b4 26. Qd1 Rc7 27. Rd2 Kf6 28. Rdc2 g5 29. e4 Kg7 30. exf5 exf5 31. Qd3 Kf6 32. Nc5 Nxc5 33. Rxc5 Qd7 34. g4 fxg4 35. Bxg4 Qd6 36. Re1 Re7 37. Rce5 Rae8 38. Bh5 1-0

[Event "Taganrog-ch"]
[Site "Taganrog"]
[Date "2010.11.18"]
[Round "1"]
[White "Serdyuk, G."]
[Black "Chernyavsky, Alexander"]
[Result "0-1"]
[WhiteElo "2107"]
[BlackElo "2216"]
[PlyCount "98"]
[EventDate "2010.11.18"]
[EventType "tourn"]
[EventRounds "13"]
[EventCountry "RUS"]
[SourceTitle "EXT 2014"]
[Source "ChessBase"]
[SourceDate "2013.11.20"]
[SourceVersion "1"]
[SourceVersionDate "2013.11.20"]
[SourceQuality "1"]

1. d4 d5 2. c4 Nc6 3. e3 Nf6 4. Nc3 dxc4 5. Bxc4 e5 6. d5 Ne7 7. e4 Ng6 8. Nge2 Bc5 9. 0-0 0-0 10. Qd3 a6 11. a3 b5 12. Ba2 Bb6 13. b4 c5 14. bxc5 Bxc5 15. Bb2 Qd6 16. Bb1 Bd7 17. Bc2 Rfc8 18. Bb3 Rab8 19. Ra2 h5 20. h3 h4 21. Kh2 Nh5 22. Bd1 Nhf4 23. Qf3 Rc7 24. Ng1 Ne7 25. Nce2 Nfg6 26. g4 Nxd5 27. Bb3 Ndf4 28. Nxf4 Nxf4 29. Ne2 Qd3 30. Ng1 Re8 31. Rd1 Qxf3 32. Nxf3 Ng6 33. Bc1 Bc6 34. Re1 Bb7 35. Rc2 Rec8 36. Bg5 Bxa3 37. Rxc7 Rxc7 38. Nxh4 Nxh4 39. Bxh4 Rc3 40. Ba2 Bc5 41. Re2 b4 42. Bg3 Bd4 43. Bd5 Bxd5 44. exd5 Rc5 45. Ra2 Rxd5 46. Rxa6 b3 47. Ra8+ Kh7 48. Rb8 b2 49. f4 Rd6 0-1